Quiz sur la planète Mercure - Statistiques

Statistiques générales
  • Ce quiz a été pris 3 338 fois
    3 314 depuis la dernière actualisation
  • Le résultat moyen est 9 sur 16
Statistiques - réponses
Question Réponse % Correct
Quel jour de la semaine est associé à Mercure dans la mythologie gréco-romaine, hindoue ou scandinave ? Mercredi
93%
Combien de satellites naturels orbitent autour de Mercure ? Zéro
81%
Quel est la fonction de ce dernier auprès des Dieux ? Messager
80%
Mercure tient son nom d'un dieu Romain. Quel est son nom dans la mythologie grecque ? Hermès
78%
À cause des vents solaires intenses, Mercure est la seule planète à ne pas avoir d'_________ stable. Atmosphère
76%
Cette sonde espère notamment confirmer la présence de ____ au pôle nord de la planète. Glace
60%
Quelle théorie d'Einstein a expliqué l'orbite de Mercure, enterrant la recherche de la planète ci-dessus ? Relativité générale
58%
On les trouve par centaines sur Mercure - le Bassin Caloris est le plus grand (1 550 km). De quoi s'agit-il ? Cratères
57%
La sonde BepiColombo devrait entrer en orbite autour de Mercure en décembre 2025. C'est une collaboration entre l'ESA (Europe) et la JAXA. Quel pays la JAXA représente-t-elle ? Japon
55%
Quel élément chimique constitue la majorité du noyau métallique de Mercure ? Fer
54%
Nommez l'un des deux satellites du Système Solaire qui sont plus volumineux que Mercure. Ganymède et Titan
51%
Quel symbole, en deux lettres, désigne l'élément chimique portant le même nom que Mercure ? Hg
45%
Jusqu'en 1965, on pensait que Mercure avait une ___ _____, comme la Lune. Face cachée
35%
Le symbole associé à Mercure est ☿. Quel objet appartenant à cette divinité cela représente-t-il ? Caducée
23%
Urbain Le Verrier a découvert la planète Neptune par le calcul. Mais il avait également prédit l'existence d'une planète entre le Soleil et Mercure, à tort. Comment cette planète hypothétique s'appellait-elle ? Vulcain
11%
Nommez l'une des deux sondes de la NASA qui ont exploré Mercure. {Mariner} 10 et{Messenger}
10%
Aucun quiz correspondant
Distribution des résultats
% des personnes avec chaque résultat
Percentile par nombre de réponses
Votre historique - résultats
Vous n’avez pas pris ce quiz depuis la dernière actualisation